| 000 | 01085nam a2200313Ia 4500 | ||
|---|---|---|---|
| 001 | 057174 | ||
| 008 | 221003m2019 xx 000 0 spa d | ||
| 035 | _aCENDO_46740 | ||
| 041 | _aspa | ||
| 100 |
_aMIQUEL NOVAJRA, Alejandro _931014 |
||
| 245 | 0 |
_aFascismo, neofascismo, postfascismo, populismo de derecha, extrema derecha... ¿vale facha? / _cAlejandro Miquel Novajra |
|
| 260 |
_aPalma de Mallorca : _bConfederación Sindical de les Illes Balears, _c2019 |
||
| 300 |
_a4 p. ; _c 30 cm |
||
| 500 | _aEn: Unitat, n. 8 (diciembre 2019), p. 48-51 | ||
| 650 | 0 |
_aACTITUD SINDICAL _961 |
|
| 650 |
_aIDEOLOGIA POLITICA _91711 |
||
| 650 |
_aESPAÑA _99 |
||
| 650 |
_aHISTORIA _926 |
||
| 710 |
_aCCOO _bConfederación Sindical de les Illes Balears, _eed. _94174 |
||
| 856 |
_zPDF _uhttp://docpublicos.ccoo.es/cendoc/057174FascismoNeofascismoPostfascismo.pdf |
||
| 901 | _a1 | ||
| 903 | _aNO | ||
| 904 | _a000 | ||
| 907 | _aPolítica | ||
| 953 |
_d2020-01-22 _yDOCU_ELEC _hUnitat, n. 8 (diciembre 2019), p. 48-51 _tPS95 |
||
| 999 |
_c46739 _d46739 |
||
| 910 | _a2019 | ||
| 942 | _cDOCU_ELEC | ||